Wszystkie Przystanki WTP na Białołęce - Statystyki

Ogólne statystyki
  • Ten quiz został rozwiązany 10 razy
  • Średni wynik to 68 z 190
Statystyki odpowiedzi
Przystanki % Poprawnych
Winnica
100%
Choszczówka
89%
Annopol
78%
PKP Płudy
78%
PKP Żerań
78%
Płochocińska
78%
Tarchomin
78%
Białołęka - Ratusz
67%
Buków
67%
Dąbrówka Wiślana
67%
Henryków
67%
Kanał Żerański
67%
Kępa Tarchomińska
67%
Kobiałka
67%
Myśliborska
67%
Nowodwory
67%
Odlewnicza
67%
Osiedle
67%
Poetów
67%
Tarchomin Kościelny
67%
Barci Zawadzkich
56%
Białołęka Dworska
56%
Brzeziny
56%
Bukowska
56%
Ceramiczna
56%
EC Żerań
56%
Fabryka Pomp
56%
Faradaya
56%
Grodzisk
56%
Grzymalitów
56%
Juranda ze Spychowa
56%
Kaflowa
56%
Klasyków
56%
Kopijników
56%
Nowodworska
56%
Os. Derby
56%
Os. Derby III
56%
Os. Derby VI
56%
Park Magiczny
56%
Skarbka z Gór
56%
Stare Świdry
56%
Stefanika
56%
Strumykowa
56%
Świderska
56%
Aluzyjna
44%
Ambaras
44%
Areszt Śledczy Białołęka
44%
Barei
44%
Białołęka - Kanał
44%
Chęcińska
44%
Chlubna
44%
Ciołkosza
44%
Ćwiklińskiej
44%
Dąbrówka Szlachecka
44%
Daniszewska
44%
Danusi
44%
Dzierzgońska
44%
Ekspresowa
44%
Hanki Ordonówny
44%
Kąty Grodziskie
44%
Konwaliowa
44%
Laurowa
44%
Leśnej Polanki
44%
Marywilska - Las
44%
Mehoffera
44%
Milenijna
44%
Obrazkowa
44%
Odkryta
44%
Olesin
44%
Os. Lewandów I
44%
Os. Lewandów II
44%
Os. Marywilska
44%
Pancera
44%
Pomorska
44%
Porajów
44%
Portowa
44%
Tłuchowska
44%
Zegarynki
44%
Żerań Wschodni
44%
Augustów
33%
Berensona
33%
Berensona - Kanał
33%
Czeremchowa
33%
Dorodna
33%
Drogowa
33%
Erazma z Zakroczymia
33%
Fletniowa
33%
Frachtowa
33%
Grodzisk - Kościół
33%
Gryfitów
33%
Inowłodzka
33%
Internetowa
33%
Jesiennych Liści
33%
Kamińskiego
33%
Kasztanowa
33%
Kobiałka - Szkoła
33%
Krokwi
33%
Kupiecka
33%
Mańki-Wojdy
33%
Marcelin
33%
Mochtyńska
33%
Ojca Aniceta
33%
Ołówkowa
33%
Orchowiecka
33%
Parcelacyjna
33%
Picassa
33%
Płużnicka
33%
Podwójna
33%
Polnych Kwiatów
33%
Pucciniego
33%
Sieczna
33%
Śreniawitów
33%
Talarowa
33%
Verdiego
33%
Warmińska
33%
Warzelnicza
33%
Wielkiego Dębu
33%
Zbyszka z Bogdańca
33%
Żyrardowska
33%
Atrakcyjna
22%
Brzezińska
22%
Cementownia
22%
Chłodnia
22%
Ćmielowska
22%
Fajna
22%
Główna
22%
Jarzębinowa
22%
Kalenica
22%
Krzemienna
22%
Mochtyńska - Kanał
22%
Ogrody Przyjaciół
22%
Oknicka
22%
Okrągła
22%
Płytowa
22%
Polfa
22%
Porzeczkowa
22%
Raciborska
22%
Ruskowy Bród
22%
Smugowa
22%
Szamocin
22%
Szumiących Traw
22%
Tymotki
22%
Wałuszewska
22%
Warszawa Choszczówka
22%
Warszawa Płudy
22%
Warszawa Żerań
22%
Wartka
22%
Warzelnicza - Szkoła
22%
Współczesna
22%
Zdziarska
22%
Zdziarska - Kanał
22%
Żiżki
22%
Zyndrama z Maszkowic
22%
Augustówek
11%
Bohuna
11%
Bruszewska
11%
Chudoby
11%
Dębowa
11%
Długorzeczna
11%
Dobka z Oleśnicy
11%
Echa Leśne
11%
Kamykowa
11%
Małego Rycerza
11%
Małych Dębów
11%
Mańkowska
11%
Os. Olchowy Park
11%
Os. Zielona Dolina
11%
Parowozowa
11%
Przejezdna
11%
Przydrożna
11%
Przyjazna
11%
Przylesie
11%
Ruskowy Bród - Szkoła
11%
Sadkowska
11%
Spichrzowa
11%
Starego Dębu
11%
Szlachecka
11%
Tomaszew
11%
Wilkowiecka
11%
Wyszkowska
11%
Zakłady Zbożowe
11%
Zaplecze
11%
Zaułek - Szkoła
11%
Aroniowa
0%
Grabina
0%
Insurekcji
0%
Nowiny
0%
Pośrednia
0%
Pszeniczna
0%
Śpiewaków
0%
Nie znaleziono quizów pasujących do podanych kryteriów
Rozkład punktacji
Procent ludzi z każdym wynikiem
Percentyl według liczby udzielonych odpowiedzi
Twoja historia wyników
Nie rozwiązałeś tego quizu